书目信息 |
| 题名: |
南回归线
|
|
| 作者: | 米勒 , 职茉莉 , 米勒 著 | |
| 分册: | ||
| 出版信息: | 长春 时代文艺出版社 1997.02 |
|
| 页数: | 330页 | |
| 开本: | 32开 | |
| 丛书名: | ||
| 单 册: | ||
| 中图分类: | I712.45 | |
| 科图分类: | ||
| 主题词: | 文学 | |
| 电子资源: | ||
| ISBN: | 7-5387-1061-2 | |
| 000 | 00616nam0 2200217 45 | |
| 001 | 0011111591 | |
| 005 | 20001111150446.3 | |
| 010 | @a7-5387-1061-2@d15.80元 | |
| 100 | @a20001111d1997 km y0chiy0120 ea | |
| 101 | 0 | @achi |
| 105 | @a z 000yy | |
| 200 | 1 | @a南回归线@ANan Hui Gui Xian@f(美)米勒著;杨恒达,职茉莉译@F(Mei)Mi Le Zhu;Yang Heng Da,Zhi Mo Li Yi |
| 210 | @a长春@c时代文艺出版社@d1997.02 | |
| 215 | @a330页@d32开 | |
| 606 | 0 | @a文学 |
| 690 | @aI712.45@v3 | |
| 701 | 0 | @a米勒@4著 |
| 701 | 0 | @a职茉莉@4译 |
| 701 | 0 | @a米勒@4著 |
| 801 | @aCN@bPftUser@c20001111 | |
| 905 | @b401373-374@dI712.45@eM.063@f2 | |
| 南回归线/(美)米勒著;杨恒达,职茉莉译.-长春:时代文艺出版社,1997.02 |
| 330页;32开 |
| ISBN 7-5387-1061-2:15.80元 |
| ● |
| 相关链接 |
|
|
|
正题名:南回归线
索取号:I712.45/M.063
 
预约/预借
| 序号 | 登录号 | 条形码 | 馆藏地/架位号 | 状态 | 备注 |
| 1 | 401373 | 204013735 | 社科二线400B/400B社科库 24排3列1层/ [索取号:I712.45/M.063] | 在馆 | |
| 2 | 401374 | 204013744 | 社科二线400B/400B社科库 25排3列1层/ [索取号:I712.45/M.063] | 在馆 |